[Event "Saint Louis Rapid 2018"]
[Site "Saint Louis USA"]
[Date "2018.08.11"]
[Round "1.2"]
[White "Karjakin, Sergey"]
[Black "Aronian, Levon"]
[Result "1/2-1/2"]
[WhiteTitle "GM"]
[BlackTitle "GM"]
[WhiteElo "2773"]
[BlackElo "2767"]
[WhiteFideId "14109603"]
[BlackFideId "13300474"]
[EventDate "2018.08.11"]

1. Nf3 Nf6 2. g3 d5 3. Bg2 Bf5 4. c4 c6 5. O-O e6 6. cxd5 cxd5 7. Qb3 Qb6 8.
Qxb6 axb6 9. d3 Nc6 10. Nc3 Bc5 11. Bd2 Ke7 12. Rfc1 Rhc8 13. Nb5 Bg4 14. a3 Ne8
15. h3 Bxf3 16. Bxf3 Nd6 17. Nxd6 Bxd6 18. e3 b5 19. d4 b4 20. axb4 Rxa1 21.
Rxa1 Bxb4 22. Bc3 Bxc3 23. bxc3 b5 24. Rb1 Rb8 25. Be2 b4 26. cxb4 Rxb4 27. Rxb4
Nxb4 28. Kf1 Kd6 29. Ke1 e5 30. dxe5+ Kxe5 31. h4 d4 32. exd4+ Kxd4 33. Kf1 Nc6
34. Bf3 Ne5 35. Be2 Kc3 36. Ba6 Kd2 37. Bb5 f6 38. Ba6 h6 39. Bb5 g6 40. Be8 g5
41. hxg5 hxg5 42. f4 gxf4 43. gxf4 Nd3 44. f5 Ke3 45. Bd7 Nc5 46. Bc8 Ne4 47.
Kg2 Kf4 48. Be6 Ng3 49. Kf2 Nxf5 50. Bxf5 Kxf5 51. Kf3 1/2-1/2

[Event "Saint Louis Rapid 2018"]
[Site "Saint Louis USA"]
[Date "2018.08.11"]
[Round "1.5"]
[White "Grischuk, Alexander"]
[Black "Caruana, Fabiano"]
[Result "0-1"]
[WhiteTitle "GM"]
[BlackTitle "GM"]
[WhiteElo "2766"]
[BlackElo "2822"]
[WhiteFideId "4126025"]
[BlackFideId "2020009"]
[EventDate "2018.08.11"]

1. Nf3 d5 2. b3 c5 3. e3 Nc6 4. Bb2 f6 5. d4 cxd4 6. exd4 Bg4 7. Be2 Qd7 8. O-O
e6 9. Re1 O-O-O 10. Nbd2 Bd6 11. a3 Nge7 12. c4 Bf4 13. c5 h5 14. b4 a6 15. Qa4
Qc7 16. b5 axb5 17. Bxb5 g5 18. Bc3 Bf5 19. Nf1 h4 20. Qa8+ Kd7 21. Qa4 Ra8 22.
Qd1 g4 23. N3d2 g3 24. fxg3 hxg3 25. h3 Rag8 26. Ne3 Bxh3 27. gxh3 g2 28. Ng4
Rxh3 29. Qe2 Rxg4 30. Qxe6+ Kd8 31. Qxg4 Be3+ 0-1

[Event "Saint Louis Rapid 2018"]
[Site "Saint Louis USA"]
[Date "2018.08.11"]
[Round "2.1"]
[White "Aronian, Levon"]
[Black "Caruana, Fabiano"]
[Result "0-1"]
[WhiteTitle "GM"]
[BlackTitle "GM"]
[WhiteElo "2767"]
[BlackElo "2822"]
[WhiteFideId "13300474"]
[BlackFideId "2020009"]
[EventDate "2018.08.11"]

1. e4 c6 2. d4 d5 3. exd5 cxd5 4. Bd3 Nc6 5. c3 Nf6 6. Bf4 Bg4 7. Qb3 Qd7 8. Nd2
e6 9. Ngf3 Bd6 10. Bxd6 Qxd6 11. Qxb7 Rb8 12. Qa6 O-O 13. Bb5 Rb6 14. Qa4 Ne7
15. Ne5 Ng6 16. Nxg4 Nxg4 17. h3 Nf6 18. Nb3 e5 19. O-O e4 20. Rfe1 Nh5 21. Bf1
Nh4 22. Qa5 Qg6 23. Qxd5 Nf3+ 24. Kh1 Ng3+ 25. fxg3 Qxg3 26. Qe5 Nxe5 27. dxe5
Qxe5 28. Rad1 f5 29. Rd7 Rd6 30. Rxa7 Qg3 31. Rb1 f4 32. Nc5 Qe3 33. b4 f3 34.
Re7 fxg2+ 35. Bxg2 Rh6 0-1

[Event "Saint Louis Rapid 2018"]
[Site "Saint Louis USA"]
[Date "2018.08.11"]
[Round "2.4"]
[White "Karjakin, Sergey"]
[Black "Dominguez Perez, Leinier"]
[Result "1-0"]
[WhiteTitle "GM"]
[BlackTitle "GM"]
[WhiteElo "2773"]
[BlackElo "2739"]
[WhiteFideId "14109603"]
[BlackFideId "3503240"]
[EventDate "2018.08.11"]

1. c4 e6 2. Nc3 d5 3. d4 Nf6 4. cxd5 Nxd5 5. e4 Nxc3 6. bxc3 c5 7. Rb1 Be7 8.
Nf3 O-O 9. h4 Nc6 10. h5 h6 11. Bb5 Qc7 12. Rh3 Rd8 13. Rg3 Kh8 14. Kf1 a6 15.
Bd3 cxd4 16. cxd4 e5 17. d5 Nb4 18. Nxe5 Bd6 19. Rxb4 Bxe5 20. Re3 Qe7 21. Bb2
Bf4 22. Qa1 f6 23. Rf3 Bg5 24. Rb6 Rf8 25. e5 fxe5 26. Rxf8+ Qxf8 27. Bxe5 Be3
28. Bxg7+ 1-0

[Event "Saint Louis Rapid 2018"]
[Site "Saint Louis USA"]
[Date "2018.08.11"]
[Round "3.3"]
[White "Anand, Viswanathan"]
[Black "Karjakin, Sergey"]
[Result "1/2-1/2"]
[WhiteTitle "GM"]
[BlackTitle "GM"]
[WhiteElo "2768"]
[BlackElo "2773"]
[WhiteFideId "5000017"]
[BlackFideId "14109603"]
[EventDate "2018.08.11"]

1. e4 e5 2. Nf3 Nc6 3. Bb5 Nf6 4. d3 Bc5 5. Bxc6 dxc6 6. Be3 Bd6 7. h3 c5 8. Nc3
Nd7 9. O-O Nf8 10. Nd2 Ng6 11. Nc4 O-O 12. Ne2 Be6 13. b3 Be7 14. f4 exf4 15.
Nxf4 Nxf4 16. Bxf4 b5 17. Ne3 Bf6 18. Rb1 Qd4 19. Kh1 Be5 20. c3 Qd6 21. Nf5
Bxf5 22. Bxe5 Qxe5 23. Rxf5 Qe7 24. b4 cxb4 25. Rxb5 bxc3 26. Qc2 Rfd8 27. Qxc3
h6 28. Rb7 Rd7 29. Rc1 1/2-1/2

[Event "Saint Louis Rapid 2018"]
[Site "Saint Louis USA"]
[Date "2018.08.11"]
[Round "3.5"]
[White "Dominguez Perez, Leinier"]
[Black "Aronian, Levon"]
[Result "1/2-1/2"]
[WhiteTitle "GM"]
[BlackTitle "GM"]
[WhiteElo "2739"]
[BlackElo "2767"]
[WhiteFideId "3503240"]
[BlackFideId "13300474"]
[EventDate "2018.08.11"]

1. d4 Nf6 2. c4 e6 3. Nf3 d5 4. g3 Be7 5. Bg2 O-O 6. O-O dxc4 7. Qc2 b6 8. Ne5
Qxd4 9. Bxa8 Qxe5 10. Bf3 Nd5 11. Qxc4 Ba6 12. Qa4 Bf6 13. Re1 Qd4 14. Qxd4 Bxd4
15. Rd1 Nc6 16. e3 Bf6 17. Bxd5 exd5 18. Rxd5 Ne5 19. Nc3 Nf3+ 20. Kg2 Ne1+ 21.
Kg1 Nf3+ 22. Kg2 Ne1+ 23. Kg1 1/2-1/2

[Event "Saint Louis Rapid 2018"]
[Site "Saint Louis USA"]
[Date "2018.08.12"]
[Round "4.3"]
[White "Karjakin, Sergey"]
[Black "So, Wesley"]
[Result "1/2-1/2"]
[WhiteTitle "GM"]
[BlackTitle "GM"]
[WhiteElo "2773"]
[BlackElo "2780"]
[WhiteFideId "14109603"]
[BlackFideId "5202213"]
[EventDate "2018.08.11"]

1. e4 e5 2. Nf3 Nc6 3. Bc4 Bc5 4. d3 Nf6 5. c3 O-O 6. a4 d5 7. exd5 Nxd5 8. Nbd2
Nb6 9. Ba2 a5 10. Ne4 Be7 11. O-O Bg4 12. Re1 Qd7 13. h3 Be6 14. Bxe6 Qxe6 15.
Be3 Nd5 16. Qb3 Qd7 17. Rad1 Rad8 18. d4 exd4 19. Bxd4 Nxd4 20. Rxd4 Qc6 21. g3
Qb6 22. Qc2 c6 23. Neg5 Bxg5 24. Nxg5 Nf6 25. Rf4 Rd5 26. Rxf6 Rxg5 27. Rf3 Qc7
28. Rfe3 Rd5 29. Re7 Rd7 30. Qe4 g6 31. Qe5 Rxe7 32. Qxe7 Qxe7 33. Rxe7 Rb8 34.
b3 b5 35. Ra7 bxa4 36. bxa4 Rb3 37. c4 Rb4 38. Rxa5 Rxc4 39. Kf1 Rc2 40. Ra8+
Kg7 41. a5 c5 42. a6 c4 43. a7 Ra2 44. Rc8 Rxa7 1/2-1/2

[Event "Saint Louis Rapid 2018"]
[Site "Saint Louis USA"]
[Date "2018.08.12"]
[Round "5.2"]
[White "Grischuk, Alexander"]
[Black "Karjakin, Sergey"]
[Result "1/2-1/2"]
[WhiteTitle "GM"]
[BlackTitle "GM"]
[WhiteElo "2766"]
[BlackElo "2773"]
[WhiteFideId "4126025"]
[BlackFideId "14109603"]
[EventDate "2018.08.11"]

1. d4 Nf6 2. c4 e6 3. Nf3 d5 4. Nc3 Bb4 5. Bg5 dxc4 6. e4 c5 7. Bxc4 cxd4 8.
Nxd4 Bxc3+ 9. bxc3 Qa5 10. Bb5+ Nbd7 11. Bxf6 Qxc3+ 12. Kf1 gxf6 13. h4 Qb4 14.
Rh3 a6 15. Be2 Ne5 16. Rb1 Qd6 17. Rc3 O-O 18. Qd2 Ng6 19. h5 Nf4 20. Qe3 e5 21.
Nc2 b5 22. Rd1 Qe7 23. Qb6 Qe6 24. Rd6 Qxa2 25. Rg3+ Kh8 26. Qc7 Nxe2 27. Qe7
Nxg3+ 28. fxg3 Qb1+ 29. Ne1 Kg8 30. Rd8 Rxd8 31. Qxd8+ Kg7 32. h6+ Kg6 33. Qg8+
Kxh6 1/2-1/2

[Event "Saint Louis Rapid 2018"]
[Site "Saint Louis USA"]
[Date "2018.08.12"]
[Round "5.3"]
[White "Anand, Viswanathan"]
[Black "Aronian, Levon"]
[Result "0-1"]
[WhiteTitle "GM"]
[BlackTitle "GM"]
[WhiteElo "2768"]
[BlackElo "2767"]
[WhiteFideId "5000017"]
[BlackFideId "13300474"]
[EventDate "2018.08.11"]

1. e4 e5 2. Nf3 Nc6 3. Bb5 Nf6 4. O-O Nxe4 5. Re1 Nd6 6. Nxe5 Be7 7. Bf1 Nxe5 8.
Rxe5 O-O 9. Nc3 Ne8 10. Nd5 Bd6 11. Re1 c6 12. Ne3 Bc7 13. Nf5 d5 14. Ne7+ Kh8
15. Nxc8 Rxc8 16. d3 Qf6 17. Qg4 Bb6 18. Qf4 Qd8 19. c3 Nc7 20. d4 Ne6 21. Qf3
Ng5 22. Bxg5 Qxg5 23. Re5 Qd8 24. Rae1 Kg8 25. g3 Rc7 26. h4 f6 27. Re6 f5 28.
Bd3 Rcf7 29. h5 Qg5 30. Kg2 Bc7 31. c4 g6 32. hxg6 hxg6 33. cxd5 cxd5 34. Bb5 f4
35. g4 Rh7 36. Bd3 Qh4 37. Rxg6+ Kh8 38. g5 Qh2+ 39. Kf1 Qh1+ 0-1

[Event "Saint Louis Rapid 2018"]
[Site "Saint Louis USA"]
[Date "2018.08.12"]
[Round "5.5"]
[White "So, Wesley"]
[Black "Dominguez Perez, Leinier"]
[Result "0-1"]
[WhiteTitle "GM"]
[BlackTitle "GM"]
[WhiteElo "2780"]
[BlackElo "2739"]
[WhiteFideId "5202213"]
[BlackFideId "3503240"]
[EventDate "2018.08.11"]

1. d4 Nf6 2. c4 e6 3. Nf3 d5 4. g3 Be7 5. Bg2 O-O 6. O-O dxc4 7. Qc2 a6 8. a4 c5
9. dxc5 Bxc5 10. Nbd2 b5 11. Ng5 Ra7 12. Nde4 Nxe4 13. Qxe4 g6 14. axb5 axb5 15.
Qh4 h5 16. Rxa7 Bxa7 17. g4 f6 18. Ne4 Nc6 19. g5 fxg5 20. Bxg5 Qc7 21. Bh6 Rf5
22. Ng3 Rf7 23. Nxh5 Bd4 24. Nf4 Ne7 25. Nxe6 Bxf2+ 26. Rxf2 Bxe6 27. Rxf7 Bxf7
28. Qf6 Nf5 29. Bd2 Qc5+ 30. e3 Qd6 31. Qxd6 Nxd6 32. Bb4 Nf5 33. Kf2 Be8 34.
Bd5+ Kg7 35. e4 Nh6 36. Bc3+ Kf8 37. Bb4+ Kg7 38. Bc3+ Kf8 39. Kg3 Nf7 40. Kf4
Bd7 41. Bf6 Ke8 42. e5 Nd8 43. Kg5 Ne6+ 44. Kh6 Nf4 45. Be4 Bf5 46. Bc6+ Bd7 47.
Be4 Bf5 48. Bxf5 gxf5 49. Kg5 b4 50. Kxf5 c3 0-1

[Event "Saint Louis Rapid 2018"]
[Site "Saint Louis USA"]
[Date "2018.08.12"]
[Round "6.1"]
[White "Karjakin, Sergey"]
[Black "Caruana, Fabiano"]
[Result "1/2-1/2"]
[WhiteTitle "GM"]
[BlackTitle "GM"]
[WhiteElo "2773"]
[BlackElo "2822"]
[WhiteFideId "14109603"]
[BlackFideId "2020009"]
[EventDate "2018.08.11"]

1. d4 Nf6 2. c4 e6 3. Nf3 d5 4. Nc3 a6 5. cxd5 exd5 6. Bg5 Be6 7. e3 Nbd7 8. Bd3
h6 9. Bf4 g5 10. Bg3 Nh5 11. Be5 Nhf6 12. Bg3 Nh5 13. Qb3 Nxg3 14. hxg3 b5 15.
Qc2 Bg7 16. Ne2 Rc8 17. Qc6 O-O 18. Rc1 Nb8 19. Qc2 Nd7 20. O-O c5 21. dxc5 Nxc5
22. Ned4 Qd7 23. Qb1 Nxd3 24. Qxd3 Rxc1 25. Rxc1 Rc8 26. Rd1 Bg4 27. a4 bxa4 28.
Qxa6 Rc4 29. b3 axb3 30. Nxb3 Rc3 31. Nbd4 Rc4 32. Qa8+ Rc8 33. Qa5 Bxd4 34.
Rxd4 Qf5 35. Ne1 Qb1 36. f3 Be6 37. Kf2 Rb8 38. Rd2 Rc8 39. Qa3 Rb8 40. Qc3 Rc8
41. Qb2 Qxb2 42. Rxb2 Bf5 43. g4 Bg6 44. Rb5 Rd8 45. Ke2 Kg7 46. Nd3 Bxd3+ 47.
Kxd3 Ra8 48. Rxd5 1/2-1/2

[Event "Saint Louis Rapid 2018"]
[Site "Saint Louis USA"]
[Date "2018.08.12"]
[Round "6.4"]
[White "Dominguez Perez, Leinier"]
[Black "Grischuk, Alexander"]
[Result "1/2-1/2"]
[WhiteTitle "GM"]
[BlackTitle "GM"]
[WhiteElo "2739"]
[BlackElo "2766"]
[WhiteFideId "3503240"]
[BlackFideId "4126025"]
[EventDate "2018.08.11"]

1. e4 c5 2. Nf3 d6 3. d4 cxd4 4. Nxd4 Nf6 5. Nc3 a6 6. h3 e6 7. g4 Nfd7 8. Bg2
Be7 9. Be3 Nc6 10. h4 O-O 11. g5 Nde5 12. Qe2 Nxd4 13. Bxd4 b5 14. f4 Nc6 15.
Be3 Qa5 16. Qf2 Rb8 17. O-O Qc7 18. f5 Re8 19. f6 Bf8 20. h5 Ne5 21. Qg3 Rb7 22.
Bd4 gxf6 23. Rxf6 Bg7 24. Raf1 Qc4 25. Bxe5 Qc5+ 26. Kh2 Qxe5 27. Qxe5 dxe5 28.
R6f2 Bf8 29. Nd1 Be7 30. Rxf7 Bxg5 31. Rxb7 Bxb7 32. Nf2 Rf8 33. Kg3 Bf4+ 34.
Kh4 Kg7 35. Ng4 Rd8 36. Bf3 b4 37. Rf2 a5 38. Rg2 Kf7 39. Nf2 Ba6 40. Nh3 Kf6
41. Nxf4 exf4 42. Rg5 Rd2 43. Rxa5 Be2 44. Kg4 Bxf3+ 45. Kxf3 Rxc2 46. Kxf4 Rf2+
47. Ke3 1/2-1/2

[Event "Saint Louis Rapid 2018"]
[Site "Saint Louis USA"]
[Date "2018.08.12"]
[Round "6.5"]
[White "Anand, Viswanathan"]
[Black "So, Wesley"]
[Result "0-1"]
[WhiteTitle "GM"]
[BlackTitle "GM"]
[WhiteElo "2768"]
[BlackElo "2780"]
[WhiteFideId "5000017"]
[BlackFideId "5202213"]
[EventDate "2018.08.11"]

1. e4 e5 2. Nf3 Nc6 3. Bc4 Bc5 4. O-O Nf6 5. d3 O-O 6. c3 d5 7. exd5 Nxd5 8. Re1
Bg4 9. h3 Bh5 10. Nbd2 Nb6 11. Bb5 Bd6 12. Bxc6 bxc6 13. Ne4 Re8 14. c4 Nd7 15.
Bd2 c5 16. Ng3 Bg6 17. Bc3 f6 18. Nh4 Bf7 19. Nhf5 Bf8 20. Qe2 a5 21. b3 a4 22.
Qc2 Nb8 23. Ne4 Nc6 24. Nfg3 Nb4 25. Bxb4 cxb4 26. Rad1 Qd7 27. Nd2 axb3 28.
axb3 Bc5 29. Nf3 Ra3 30. Ne4 Bd4 31. Rb1 Rea8 32. Nxd4 Qxd4 33. Qd2 Ra2 34. Qe3
Qxe3 35. fxe3 Bg6 36. Nf2 R8a3 37. e4 Rc2 38. Ra1 Rb2 39. g4 Rbxb3 40. Reb1
Rxb1+ 41. Rxb1 c5 42. Rb2 Ra1+ 43. Kg2 Be8 44. Kf3 Ba4 45. Ke2 Kf7 0-1

[Event "Saint Louis Rapid 2018"]
[Site "Saint Louis USA"]
[Date "2018.08.13"]
[Round "7.1"]
[White "Caruana, Fabiano"]
[Black "Dominguez Perez, Leinier"]
[Result "0-1"]
[WhiteTitle "GM"]
[BlackTitle "GM"]
[WhiteElo "2822"]
[BlackElo "2739"]
[WhiteFideId "2020009"]
[BlackFideId "3503240"]
[EventDate "2018.08.11"]

1. d4 d5 2. c4 e6 3. Nc3 Nf6 4. cxd5 Nxd5 5. e4 Nxc3 6. bxc3 c5 7. Nf3 cxd4 8.
cxd4 Bb4+ 9. Bd2 Bxd2+ 10. Qxd2 O-O 11. h4 b6 12. h5 h6 13. g4 Bb7 14. Qe3 Nc6
15. a3 b5 16. Be2 a6 17. Rd1 Qa5+ 18. Kf1 f6 19. Rg1 Ne7 20. d5 exd5 21. exd5
Nxd5 22. Qe6+ Kh8 23. Nh4 Nf4 24. Qe7 Qc3 25. Qxb7 Qh3+ 26. Ng2 Nxe2 27. Kxe2
Qxg4+ 28. Qf3 Qc4+ 29. Qd3 Qg4+ 30. Kf1 Rad8 31. Qxd8 Rxd8 32. Rxd8+ Kh7 33. Ne3
Qxh5 34. Ra8 Qc5 35. Rb8 Qc7 36. Rf8 Qe7 37. Rc8 Qd7 38. Rc2 f5 39. f4 Qd4 40.
Ke2 Qxf4 41. Rc5 Qh2+ 42. Rg2 Qh5+ 43. Kd2 Qf3 44. Rc7 h5 45. Rcxg7+ Kh8 46.
Rg8+ Kh7 47. R2g7+ Kh6 48. Rg5 Qf4 49. R8g6+ Kh7 50. Rg7+ Kh8 51. Rg8+ Kh7 52.
R5g7+ Kh6 53. Ke2 Qe4 54. Re7 Qxe7 0-1

[Event "Saint Louis Rapid 2018"]
[Site "Saint Louis USA"]
[Date "2018.08.13"]
[Round "7.4"]
[White "So, Wesley"]
[Black "Aronian, Levon"]
[Result "1/2-1/2"]
[WhiteTitle "GM"]
[BlackTitle "GM"]
[WhiteElo "2780"]
[BlackElo "2767"]
[WhiteFideId "5202213"]
[BlackFideId "13300474"]
[EventDate "2018.08.11"]

1. Nf3 Nf6 2. c4 e6 3. b3 d5 4. Bb2 c5 5. cxd5 exd5 6. g3 Nc6 7. Bg2 d4 8. O-O
Be7 9. Na3 O-O 10. Nc4 Bf5 11. Rc1 Rc8 12. Nfe5 Nxe5 13. Nxe5 Be4 14. Bh3 Rc7
15. f3 Qd5 16. fxe4 Qxe5 17. d3 Ne8 18. Kg2 Qd6 19. Rc2 Bf6 20. Qd2 Be5 21. Rfc1
b6 22. a3 f5 23. exf5 Nf6 24. e4 dxe3 25. Qxe3 Bxb2 26. Rxb2 Re7 27. Qf4 Qxf4
28. gxf4 Rd8 29. Kg1 Rd4 30. b4 cxb4 31. axb4 Rxf4 32. Ra1 Nd5 33. Rba2 Rxb4 34.
Rxa7 Kf7 35. Bg2 Nc3 36. Rxe7+ Kxe7 37. Ra3 Nb5 38. Ra2 Kf6 39. Be4 Nc3 40. Rc2
Rb3 41. Kf2 b5 42. Ke3 b4 43. Kd4 Nb5+ 44. Ke3 Rc3 45. Rb2 b3 46. Bd5 Nd6 47.
Bxb3 Nxf5+ 48. Ke4 Rc7 49. Bc4 Re7+ 50. Kf4 g5+ 51. Kg4 Ne3+ 52. Kh5 Nxc4 53.
dxc4 Re4 54. Rf2+ Kg7 55. Kxg5 1/2-1/2

[Event "Saint Louis Rapid 2018"]
[Site "Saint Louis USA"]
[Date "2018.08.13"]
[Round "7.5"]
[White "Grischuk, Alexander"]
[Black "Anand, Viswanathan"]
[Result "1/2-1/2"]
[WhiteTitle "GM"]
[BlackTitle "GM"]
[WhiteElo "2766"]
[BlackElo "2768"]
[WhiteFideId "4126025"]
[BlackFideId "5000017"]
[EventDate "2018.08.11"]

1. d4 Nf6 2. c4 e6 3. Nf3 d5 4. Nc3 Be7 5. Bf4 O-O 6. e3 c5 7. dxc5 Bxc5 8. cxd5
Nxd5 9. Nxd5 exd5 10. Bd3 Bb4+ 11. Nd2 Nc6 12. O-O Be7 13. Rc1 Bf6 14. Nb3 g6
15. Qd2 Qb6 16. Bd6 Rd8 17. Bc5 Qc7 18. Bd4 Bxd4 19. exd4 Qd6 20. Rfe1 b6 21.
Bb5 Ne7 22. Qg5 Be6 23. Qf6 Rac8 24. a3 Rxc1 25. Nxc1 Nf5 26. Ne2 Bc8 27. Qxd6
Nxd6 28. Nc3 Nf5 29. Rd1 Ng7 30. f3 Bb7 31. Kf2 Ne6 32. h4 Kg7 33. g3 Kf6 34.
Bf1 Ke7 35. Nb5 a6 36. Nc3 Kd6 37. Bh3 Nc7 38. Re1 Bc8 39. Bf1 Bd7 40. Rc1 1/2-1/2

[Event "Saint Louis Rapid 2018"]
[Site "Saint Louis USA"]
[Date "2018.08.13"]
[Round "8.2"]
[White "Anand, Viswanathan"]
[Black "Caruana, Fabiano"]
[Result "1/2-1/2"]
[WhiteTitle "GM"]
[BlackTitle "GM"]
[WhiteElo "2768"]
[BlackElo "2822"]
[WhiteFideId "5000017"]
[BlackFideId "2020009"]
[EventDate "2018.08.11"]

1. e4 e5 2. Nf3 Nf6 3. Nxe5 d6 4. Nf3 Nxe4 5. d4 d5 6. Bd3 Bd6 7. Nbd2 Bf5 8.
O-O O-O 9. Re1 Re8 10. Nf1 Bg6 11. Ne3 c6 12. c4 Nf6 13. Bxg6 hxg6 14. Qb3 Qb6
15. Qxb6 axb6 16. Bd2 b5 17. cxd5 cxd5 18. a3 Nc6 19. Bc3 Rad8 20. g3 Bc7 21.
Nd2 Bb6 22. Nb3 g5 23. f3 g6 24. Kg2 Kg7 25. Nc2 g4 26. fxg4 Nxg4 27. Nb4 Nxb4
28. axb4 Nf6 29. Nc5 Rxe1 30. Rxe1 Bxc5 31. dxc5 d4 32. Bd2 Rd7 33. Kf3 Nd5 34.
h4 f5 35. g4 fxg4+ 36. Kxg4 Ne7 37. Kf3 Nc6 38. Re6 Kf7 39. Re4 Rd5 40. Rf4+ Ke6
41. Re4+ Kd7 42. Rg4 Rf5+ 43. Ke2 Rf6 44. Rg5 Ke6 45. Kd3 Rf3+ 46. Ke2 Rf6 47.
Kd3 Rf3+ 48. Ke2 Rf6 1/2-1/2

[Event "Saint Louis Rapid 2018"]
[Site "Saint Louis USA"]
[Date "2018.08.13"]
[Round "8.5"]
[White "So, Wesley"]
[Black "Grischuk, Alexander"]
[Result "1-0"]
[WhiteTitle "GM"]
[BlackTitle "GM"]
[WhiteElo "2780"]
[BlackElo "2766"]
[WhiteFideId "5202213"]
[BlackFideId "4126025"]
[EventDate "2018.08.11"]

1. Nf3 Nf6 2. c4 g6 3. Nc3 Bg7 4. e4 d6 5. d4 O-O 6. Be2 e5 7. O-O Nc6 8. d5 Ne7
9. Ne1 Nd7 10. Nd3 f5 11. Bd2 Nf6 12. f3 f4 13. Rc1 g5 14. c5 Ng6 15. Kh1 Rf7
16. Rg1 Bf8 17. g3 Rg7 18. cxd6 cxd6 19. gxf4 gxf4 20. Bf1 Bd7 21. Be1 Kh8 22.
Qb3 Nh5 23. Nb5 Nh4 24. Rxg7 Nxg7 25. Nf2 Qb6 26. Nh3 Be7 27. Bf2 Qd8 28. Bxh4
Bxh4 29. Nxd6 Qe7 30. Qxb7 Rg8 31. Rc7 Qxd6 32. Rxd7 Qc5 33. Rc7 Qe3 34. Qb3 Qe1
35. Qd3 Ne8 36. Rc6 Bf2 37. Qe2 Qxe2 38. Bxe2 Bd4 39. d6 Nf6 40. Bc4 Rb8 41. b3
h6 42. Be6 Kg7 43. Rc7+ Kg6 44. Bf7+ Kg7 45. Be6+ Kg6 46. Bf5+ Kh5 47. d7 Rd8
48. Rc8 Bb6 49. b4 Ng8 50. a4 a5 51. Rc6 Bd4 52. bxa5 Rb8 53. Rc8 Rb1+ 54. Kg2 1-0

[Event "Saint Louis Rapid 2018"]
[Site "Saint Louis USA"]
[Date "2018.08.13"]
[Round "9.2"]
[White "Caruana, Fabiano"]
[Black "So, Wesley"]
[Result "1/2-1/2"]
[WhiteTitle "GM"]
[BlackTitle "GM"]
[WhiteElo "2822"]
[BlackElo "2780"]
[WhiteFideId "2020009"]
[BlackFideId "5202213"]
[EventDate "2018.08.11"]

1. d4 Nf6 2. c4 e6 3. g3 d5 4. Bg2 Be7 5. Nf3 O-O 6. Qb3 c5 7. cxd5 Qxd5 8. dxc5
Qxb3 9. axb3 Nc6 10. Nc3 Nd7 11. Bg5 Bxg5 12. Nxg5 Nxc5 13. Bxc6 bxc6 14. b4 Na6
15. b5 cxb5 16. Nxb5 Rb8 17. Nxa7 Rxb2 18. Nxc8 Rxc8 19. O-O 1/2-1/2

[Event "Saint Louis Rapid 2018"]
[Site "Saint Louis USA"]
[Date "2018.08.13"]
[Round "9.5"]
[White "Grischuk, Alexander"]
[Black "Aronian, Levon"]
[Result "1/2-1/2"]
[WhiteTitle "GM"]
[BlackTitle "GM"]
[WhiteElo "2766"]
[BlackElo "2767"]
[WhiteFideId "4126025"]
[BlackFideId "13300474"]
[EventDate "2018.08.11"]

1. Nf3 Nf6 2. g3 g6 3. c4 Bg7 4. Nc3 O-O 5. Bg2 c6 6. e4 d5 7. cxd5 cxd5 8. e5
Ne4 9. O-O Qa5 10. Ne2 Nc6 11. d3 Nc5 12. d4 Ne6 13. Be3 Rd8 14. h4 h5 15. Re1
Bd7 16. Nc3 Nc7 17. a3 Nb5 18. Ne2 Bg4 19. b4 Qb6 20. Qd2 a5 21. a4 Nc7 22. b5
Nb4 23. Rec1 Ne6 24. Ra3 Rdc8 25. Rac3 Rxc3 26. Rxc3 Qd8 27. Nf4 Nxf4 28. Bxf4
Rc8 29. Ng5 Bf5 30. Qc1 Rxc3 31. Qxc3 e6 32. Bh3 Bc2 33. Bxe6 fxe6 34. Nxe6 Qd7
35. Nxg7 Kxg7 36. e6 Qxe6 37. Qc7+ Kf8 38. Bd6+ Ke8 39. Qb8+ Kd7 40. Qc7+ Ke8
41. Qb8+ Kd7 42. Qc7+ 1/2-1/2